Địa lí tự nhiên đại cương Giáo trình Cao đẳng Sư phạm Q.2 Khí Quyển và thủy quyển

Trình bày các đặc điểm cơ bản của 2 thành phần khí quyển và thuỷ quyển của trái đất, mối quan hệ giữa chúng với các thành phần khác trong lớp vỏ địa lý, đặc biệt trong việc điều hoá lượng ẩm và phân bố lại năng lượng vật chất trên bề mặt trái đất . Đồng thời nêu phương pháp giảng dạy phần khí quyển...

תיאור מלא

שמור ב:
מידע ביבליוגרפי
מחבר ראשי: Hoàng Ngọc Oanh
מחברים אחרים: Lê Thị Ngọc Khanh (b.s), Nguyễn Văn Âu (b.s)
פורמט: ספר
שפה:Vietnamese
יצא לאור: H. Đại học sư phạm 2003
נושאים:
תגים: הוספת תג
אין תגיות, היה/י הראשונ/ה לתייג את הרשומה!
Thư viện lưu trữ: Mạng thư viện Đại học Đà Nẵng
LEADER 01747nam a2200373 4500
001 000008837
003 5030
005 20120523100556.0
008 111021s2003 viesd
041 0 |a vie 
082 |a 910.02  |b HO-O 
100 0 |a Hoàng Ngọc Oanh 
245 1 0 |a Địa lí tự nhiên đại cương  |b Giáo trình Cao đẳng Sư phạm  |c B.s: Hoàng Ngọc Oanh (ch.b), Nguyễn Văn Âu, Lê Thị Ngọc Khanh  |n Q.2  |p Khí Quyển và thủy quyển 
260 |a H.  |b Đại học sư phạm  |c 2003 
300 |a 227tr.  |c 24cm 
520 |a Trình bày các đặc điểm cơ bản của 2 thành phần khí quyển và thuỷ quyển của trái đất, mối quan hệ giữa chúng với các thành phần khác trong lớp vỏ địa lý, đặc biệt trong việc điều hoá lượng ẩm và phân bố lại năng lượng vật chất trên bề mặt trái đất . Đồng thời nêu phương pháp giảng dạy phần khí quyển và thuỷ quyển 
653 |a Địa lý tự nhiên 
653 |a khí quyển 
653 |a thủy quyển 
653 |a giáo trình 
700 |a Lê Thị Ngọc Khanh  |e b.s 
700 |a Nguyễn Văn Âu  |e b.s 
773 |t Địa lí tự nhiên đại cương  |w 5008 
910 |a MPhuong  |d 21/10 
OWN |a LSP 
AVA |a UDN50  |b LSP  |d 910.02 HO-O  |e available  |t Error 5001 Not defined in file expand_doc_bib_avail.  |f 7  |g 0  |h N  |i 0  |k 1 
999 |a From the UDN01 
AVA |a UDN50  |b LSP  |d 910.02 HO-O  |e available  |t Error 5001 Not defined in file expand_doc_bib_avail.  |f 7  |g 0  |h N  |i 0  |k 1 
TYP |a Monograph 
TYP |a Printed language 
980 |a Mạng thư viện Đại học Đà Nẵng